000 00762nam a2200253 a 4500
008
020 _a007352686X (hbk.)
049 _aMAIN
090 _aHF5667
_bWHI
100 1 _aWhittington, O. Ray.
245 1 0 _aPrinciples of auditing and other assurance services /
_cO. Ray Whittington [and] Kurt Pany.
260 _aBoston :
_bMcGraw-Hill Irwin,
_cc2008.
300 _a16th edition.
300 _axxx, 847 p. :
_bill. ;
_c29 cm. +
_c1 CD.
504 _aIncludes bibliographical references.
500 _aIncludes index.
650 1 _aAuditing.
700 _aPany, Kurt.
907 _a.b1029272x
_b20-07-11
_c03-03-11
003
005 20230123125143.0
040 _cNUST
942 _cBOOKS
_kHF5667
_mWHI
999 _c136627
_d136627